Caricamento...

Total quality management in human service organisations

Dettagli Bibliografici
Autore principale: Martin, Lawrence L
Natura: Printed Book
Pubblicazione: California Sage 1993
Soggetti:
LEADER 00537cam a2200169ua 4500
020 |a 0-8039-4950-2 
082 |a 658.401 3  |b MAR/T 
100 |a Martin, Lawrence L 
245 1 0 |a Total quality management in human service organisations  
260 |a California  |b Sage  |c 1993 
300 |a ix,107p. 
500 |a Includes references. 
650 |a Executive management 
650 0 |a Management 
942 |c BK 
999 |c 3571  |d 3571 
952 |0 0  |1 0  |4 0  |6 658_401000000000000_3_MART  |7 0  |9 3724  |a KUCL  |b KUCL  |d 2014-05-23  |l 0  |o 658.401 3 MAR/T  |p 06708  |r 2014-05-23  |y BK